| 000 | 00785nam a22002657a 4500 | ||
|---|---|---|---|
| 001 | 4639 | ||
| 003 | FISKH | ||
| 005 | 20250827095339.0 | ||
| 008 | 240918b cb ||||| |||| 00| 0 eng d | ||
| 020 | _a9780590273770 | ||
| 040 |
_aFISKH _beng _cFISKH _dFISKH |
||
| 050 | _aQK475.8 | ||
| 082 | _a582.16 | ||
| 100 | _aNayer, Judy | ||
| 245 |
_aA tree can be ... / _cWritten by Judy Nayer ; Pictures by Anna Vojtech |
||
| 260 |
_aNew York : _bScholastic, _c1994 |
||
| 300 |
_a16 pages : _bcolor illustrations ; _c24 cm |
||
| 505 | _aC | ||
| 520 | _aDescribes all the different uses that people and animals can find for a tree. | ||
| 521 | 8 |
_a120
_bLexile |
|
| 521 | 8 |
_aC
_bRaz-Plus |
|
| 650 |
_aEarth Day _vNature _xPlants |
||
| 942 |
_2ddc _cBK _n0 |
||
| 999 |
_c4639 _d4639 |
||